000 00264nam a22001217a 4500
008 170306b xxu||||| |||| 00| 0 eng d
041 _aeng
080 _a611
100 _a6
101 _aSHM
245 _aVISUAL ANTOMY PHYSIOLOGY
_cMARTINI.F.H
942 _2udc
_cBK
999 _c6843
_d6843